[Event "Geller Memorial"]
[Site "Moscow"]
[Date "1999.02.09"]
[Round "8.30"]
[White "Dragomarezkij, Evgeni"]
[Black "Losev, Dmitry"]
[Result "1-0"]
[WhiteElo "2486"]
[BlackElo "2345"]
[PlyCount "105"]
[EventDate "1999.02.02"]

1. c4 e5 2. g3 f5 3. d4 exd4 4. Qxd4 Nc6 5. Qd1 Ne5 6. Qb3 Nf6 7. Bg2 Qe7 8.
Nd2 Qb4 9. Qc2 Bc5 10. Nh3 Ne4 11. a3 Qb6 12. O-O Nxf2 13. Nxf2 Ng4 14. e3 Nxe3
15. Qb3 O-O 16. Qxb6 axb6 17. Nb3 Nxf1 18. Kxf1 d6 19. Nxc5 bxc5 20. Bd5+ Kh8
21. Bf4 Bd7 22. Nd1 Rab8 23. Nc3 Rfe8 24. Bf3 Bc6 25. Be2 Re6 26. Rd1 Rbe8 27.
Rd2 Kg8 28. Kf2 Kf7 29. Nd5 Bxd5 30. cxd5 Re4 31. Bd3 Rd4 32. Bxf5 Rxd2+ 33.
Bxd2 g6 34. Be6+ Rxe6 35. dxe6+ Kxe6 36. Ke3 b5 37. Bc3 c4 38. g4 c5 39. Kf4 d5
40. Ba5 h5 41. gxh5 gxh5 42. h4 d4 43. Ke4 Kd6 44. Bd2 Ke6 45. Bg5 Kd6 46. Bf4+
Ke6 47. Be5 d3 48. Bc3 Kd6 49. Be5+ Kc6 50. Bf4 b4 51. axb4 cxb4 52. Kd4 Kb5
53. b3 1-0

[Event "Geller Memorial"]
[Site "Moscow"]
[Date "1999.02.09"]
[Round "8.31"]
[White "Tunik, Gennady"]
[Black "Kosarev, Andrei M"]
[Result "1-0"]
[WhiteElo "2474"]
[BlackElo "2345"]
[PlyCount "89"]
[EventDate "1999.02.02"]

1. d4 Nf6 2. c4 e6 3. Nf3 b6 4. g3 Ba6 5. b3 Bb7 6. Bg2 Bb4+ 7. Bd2 c5 8. Bxb4
cxb4 9. O-O O-O 10. a3 bxa3 11. Rxa3 Qe7 12. Qc1 Na6 13. Qb2 Nb4 14. Nbd2 a5
15. Rc1 d6 16. Qb1 e5 17. e4 Rfe8 18. d5 Nd7 19. Ne1 Nc5 20. Nf1 Bc8 21. Ne3
Bd7 22. Rd1 g6 23. N1c2 b5 24. cxb5 Bxb5 25. Ne1 Reb8 26. Rd2 Qd7 27. h4 h5 28.
Kh2 Qc8 29. Qd1 a4 30. bxa4 Bxa4 31. Qf3 Nb3 32. Rb2 Nd4 33. Qf6 Qc5 34. Nf3
Nxf3+ 35. Bxf3 Qc1 36. Bxh5 Qxb2 37. Ng4 Be8 38. Nh6+ Kf8 39. Bxg6 Qxf2+ 40.
Qxf2 Rxa3 41. Qf6 Ra2+ 42. Kh3 Nxd5 43. exd5 Bd7+ 44. Bf5 Bxf5+ 45. Nxf5 1-0

[Event "Geller Memorial"]
[Site "Moscow"]
[Date "1999.02.09"]
[Round "8.32"]
[White "Reprintsev, Alexander"]
[Black "Evelev, Vladimir N"]
[Result "1-0"]
[WhiteElo "2470"]
[BlackElo "2327"]
[PlyCount "43"]
[EventDate "1999.02.02"]

1. d4 Nf6 2. Nc3 d5 3. Bg5 Nbd7 4. Qd2 c5 5. dxc5 e6 6. e4 dxe4 7. O-O-O Bxc5
8. Bb5 O-O 9. Bxf6 Qxf6 10. Nxe4 Qe5 11. Qe2 Nf6 12. Nxc5 Qxc5 13. Nf3 b6 14.
Qe5 Nd5 15. Bd3 Qxf2 16. Rhe1 Qc5 17. Be4 Bb7 18. Ng5 Kh8 19. Nxh7 Rfb8 20.
Bxd5 Kxh7 21. Qe4+ f5 22. Qh4+ 1-0

[Event "Geller Memorial"]
[Site "Moscow"]
[Date "1999.02.09"]
[Round "8.34"]
[White "Arkhangelsky, Boris"]
[Black "Lobzhanidze, Davit"]
[Result "1-0"]
[WhiteElo "2382"]
[BlackElo "2452"]
[PlyCount "91"]
[EventDate "1999.02.02"]

1. d4 Nf6 2. Nf3 g6 3. g3 Bg7 4. Bg2 O-O 5. O-O d6 6. c4 a6 7. Nc3 Nc6 8. d5
Na5 9. Nd2 c5 10. Rb1 Rb8 11. b3 b5 12. Bb2 e5 13. dxe6 fxe6 14. Nde4 bxc4 15.
Nxd6 cxb3 16. axb3 Rxb3 17. Na4 Qc7 18. Rc1 Rd8 19. Rxc5 Qxd6 20. Qxd6 Rxd6 21.
Rxc8+ Kf7 22. Be5 Rd2 23. Nc5 Rb5 24. Rc7+ Kg8 25. Bh3 Nb7 26. Bxf6 Bxf6 27.
Ne4 Be5 28. Rxb7 Rxe2 29. Bxe6+ Kh8 30. Rxb5 axb5 31. Bd5 b4 32. Rb1 Rb2 33.
Rxb2 Bxb2 34. f4 Kg7 35. Kg2 h5 36. Kf3 Bd4 37. Ke2 Bb6 38. Kd3 h4 39. g4 h3
40. Ng5 Bg1 41. Nf3 Bc5 42. g5 Bf2 43. Be6 Bc5 44. Bxh3 b3 45. Be6 b2 46. Ba2
1-0

[Event "Geller Memorial"]
[Site "Moscow"]
[Date "1999.02.09"]
[Round "8.35"]
[White "Korobov, Ilya"]
[Black "Goloshchapov, Alexander"]
[Result "0-1"]
[WhiteElo "2372"]
[BlackElo "2446"]
[PlyCount "64"]
[EventDate "1999.02.02"]

1. c4 e6 2. d4 d5 3. Nc3 c6 4. Nf3 Nf6 5. Bg5 h6 6. Bxf6 Qxf6 7. e3 Nd7 8. Qc2
g6 9. cxd5 exd5 10. Bd3 Bg7 11. O-O O-O 12. b4 Qd6 13. b5 c5 14. dxc5 Nxc5 15.
Rad1 Be6 16. Bc4 d4 17. Bxe6 Nxe6 18. exd4 Qb4 19. Qd3 Rfd8 20. Ne2 Rd5 21. Rb1
Qa5 22. Qc4 Rad8 23. Rfd1 Qb6 24. Kf1 Nxd4 25. Nexd4 Bxd4 26. Rb4 Rc5 27. Qe2
Bf6 28. Rxd8+ Qxd8 29. g3 Qc8 30. Kg2 Rc2 31. Qe4 Qc5 32. Nd4 Rd2 0-1

[Event "Geller Memorial"]
[Site "Moscow"]
[Date "1999.02.09"]
[Round "8.36"]
[White "Gutov, Andrei"]
[Black "Ivanov, Victor L"]
[Result "0-1"]
[WhiteElo "2345"]
[BlackElo "2427"]
[PlyCount "68"]
[EventDate "1999.02.02"]

1. d4 d5 2. c4 c6 3. e3 Bf5 4. Bd3 Bxd3 5. Qxd3 e6 6. Nd2 Nf6 7. Ngf3 Nbd7 8.
O-O Be7 9. e4 dxe4 10. Nxe4 O-O 11. Bf4 Nxe4 12. Qxe4 Nf6 13. Qe2 Qa5 14. Rfd1
Rfd8 15. a3 b5 16. Qc2 bxc4 17. Qxc4 Qb5 18. Ne5 Nd5 19. Bg3 Rdc8 20. b3 Rab8
21. Rdc1 Qxb3 22. Nxc6 Qxc4 23. Rxc4 Rb7 24. a4 h5 25. h3 Kh7 26. Rac1 Nb6 27.
Rb1 Rd7 28. Rc2 Nxa4 29. Ra1 Nb6 30. Bb8 Rb7 31. Rxa7 Rcxb8 32. Rxb7 Rxb7 33.
Rb2 Bd6 34. Na5 Rc7 0-1

[Event "Geller Memorial"]
[Site "Moscow"]
[Date "1999.02.09"]
[Round "8.37"]
[White "Zenin, Dmitri"]
[Black "Mitenkov, Alexey"]
[Result "1/2-1/2"]
[WhiteElo "2345"]
[BlackElo "2425"]
[PlyCount "120"]
[EventDate "1999.02.02"]

1. d4 Nf6 2. c4 e6 3. Nc3 Bb4 4. e3 c5 5. Bd3 Nc6 6. Nf3 Bxc3+ 7. bxc3 d6 8.
Nd2 e5 9. Nb3 e4 10. Be2 Qe7 11. O-O h5 12. a4 h4 13. h3 Bf5 14. a5 Nd8 15.
dxc5 dxc5 16. Ba3 Ne6 17. Nd4 g6 18. Qa4+ Kf8 19. Qb5 Rc8 20. Rab1 Rc7 21. Rfd1
Kg7 22. Qa4 a6 23. Rb6 Rd8 24. Qb3 Rdd7 25. Qb1 Qd8 26. Nb3 Rxd1+ 27. Qxd1 Rd7
28. Qe1 Qc8 29. f4 exf3 30. Bxf3 g5 31. e4 Bg6 32. e5 Nh5 33. Rd6 Re7 34. Qe3
Nhf4 35. Nxc5 Nxc5 36. Bxc5 Qf5 37. Kh2 Kh7 38. Bd4 Ne6 39. Rb6 Nd8 40. Bg4
Qf4+ 41. Qxf4 gxf4 42. Bf3 Bd3 43. Bd5 Nc6 44. Bxc6 bxc6 45. Rxc6 Re6 46. Rxe6
fxe6 47. Bf2 Kg6 48. Bxh4 Kf5 49. Bf6 Bxc4 50. h4 Be2 51. Kg1 Ke4 52. Kf2 Bh5
53. c4 Kd4 54. c5 Kxc5 55. Bg5 Kd4 56. Bxf4 Ke4 57. Bg3 Bg4 58. Ke1 Kf5 59. Kd2
Kg6 60. Ke3 Kh5 1/2-1/2

[Event "Geller Memorial"]
[Site "Moscow"]
[Date "1999.02.09"]
[Round "8.38"]
[White "Skatchkov, Pavel"]
[Black "Loginov, Anton"]
[Result "1-0"]
[WhiteElo "2420"]
[BlackElo "2320"]
[PlyCount "115"]
[EventDate "1999.02.02"]

1. Nf3 c5 2. c4 Nf6 3. g3 Nc6 4. Bg2 e5 5. Nc3 g6 6. O-O Bg7 7. d3 d6 8. Rb1
O-O 9. a3 a5 10. Bd2 h6 11. e3 Be6 12. Qe2 Qd7 13. Rfd1 Bg4 14. Nd5 Nxd5 15.
cxd5 Ne7 16. e4 f5 17. Re1 b5 18. h3 Bh5 19. exf5 Bxf3 20. Qxf3 b4 21. g4 gxf5
22. g5 Ng6 23. Qh5 Qf7 24. gxh6 Bf6 25. Qxf5 Bh4 26. Qxf7+ Rxf7 27. Rf1 Raf8
28. Be4 Nf4 29. Kh2 Kh8 30. Bxf4 exf4 31. axb4 cxb4 32. Rbc1 Bf6 33. b3 f3 34.
Kh1 a4 35. bxa4 b3 36. Rb1 b2 37. Rfd1 Bd4 38. Rd2 Rb8 39. Rc2 Rfb7 40. Rc4 Rb4
41. Bxf3 Bxf2 42. Be4 Bd4 43. Kg2 Be5 44. Kf3 Rxc4 45. dxc4 Rb4 46. a5 Ra4 47.
h7 Rxa5 48. Rg1 Ra3+ 49. Ke2 Rg3 50. Rf1 Kg7 51. c5 dxc5 52. d6 Bxd6 53. Rf7+
Kh8 54. Rd7 Rxh3 55. Rxd6 Rh4 56. Rd8+ Kg7 57. Bb1 Rh2+ 58. Kf3 1-0

[Event "Geller Memorial"]
[Site "Moscow"]
[Date "1999.02.09"]
[Round "8.39"]
[White "Grigoriants, Sergey"]
[Black "Novichkov, Valery"]
[Result "1/2-1/2"]
[WhiteElo "2313"]
[BlackElo "2420"]
[PlyCount "87"]
[EventDate "1999.02.02"]

1. e4 e5 2. Nf3 Nc6 3. Bb5 a6 4. Ba4 d6 5. c3 Bd7 6. O-O Nge7 7. d4 Ng6 8. Nbd2
Be7 9. Re1 h6 10. Nf1 Bg5 11. Ne3 Bxe3 12. Bxe3 O-O 13. h3 Qe7 14. Bc2 Rad8 15.
Nh2 Qh4 16. Nf1 Nf4 17. Qf3 Qh5 18. Qg3 g5 19. Bd1 Qg6 20. Bc2 Kh8 21. dxe5
dxe5 22. Bc5 Rfe8 23. Qe3 Be6 24. b3 Rd7 25. Rad1 Red8 26. Rxd7 Rxd7 27. Rd1
Rxd1 28. Bxd1 Qf6 29. Qd2 Qd8 30. Qxd8+ Nxd8 31. Ne3 Nc6 32. Ba3 Kg7 33. Bf3 h5
34. Kh2 Kg6 35. Bd1 Nb8 36. Kg1 Nd7 37. Kf1 f6 38. Be7 c6 39. Bc2 Kf7 40. Bd6
Nb6 41. Ke1 Nc8 42. Bc5 Ke8 43. Kd2 Kd7 44. Ke1 1/2-1/2

[Event "Geller Memorial"]
[Site "Moscow"]
[Date "1999.02.09"]
[Round "8.40"]
[White "Pokrovski, Pavel"]
[Black "Frog, Ilya"]
[Result "1/2-1/2"]
[WhiteElo "2305"]
[BlackElo "2415"]
[PlyCount "113"]
[EventDate "1999.02.02"]

1. e4 g6 2. d4 Bg7 3. c4 d6 4. Nc3 Nf6 5. Nf3 O-O 6. Be2 c5 7. O-O cxd4 8. Nxd4
Nc6 9. Be3 Nd7 10. Rc1 Nc5 11. Nxc6 bxc6 12. b4 Ne6 13. f4 c5 14. bxc5 dxc5 15.
Qxd8 Rxd8 16. e5 Bb7 17. Rb1 Bc6 18. Nd5 Rd7 19. Bf3 Rc8 20. Rf2 Nf8 21. Rfb2
e6 22. Nf6+ Bxf6 23. Bxc6 Rxc6 24. exf6 Rd3 25. Rb8 Rb6 26. Rxf8+ Kxf8 27.
Bxc5+ Ke8 28. Bxb6 axb6 29. Rxb6 Rd4 30. g3 e5 31. fxe5 Rxc4 32. Rb7 Ra4 33.
Re7+ Kf8 34. Rd7 Ke8 35. Re7+ Kf8 36. Rd7 Ke8 37. Rd2 h5 38. Kf2 Ra3 39. Ke1 g5
40. Kd1 h4 41. gxh4 gxh4 42. Re2 Kd7 43. Kc1 Ra8 44. Kb2 Rb8+ 45. Kc3 Ra8 46.
Kb4 Rb8+ 47. Kc5 Ra8 48. e6+ fxe6 49. Rf2 Ke8 50. f7+ Kf8 51. Kd6 Ra6+ 52. Ke5
h3 53. Kf6 Ra5 54. Kxe6 Rg5 55. Rf3 Rg6+ 56. Rf6 Rxf6+ 57. Kxf6 1/2-1/2

[Event "Geller Memorial"]
[Site "Moscow"]
[Date "1999.02.09"]
[Round "8.42"]
[White "Feoktistov, Alexey A."]
[Black "Zhelesny, Stanislav"]
[Result "1-0"]
[WhiteElo "2390"]
[BlackElo "2307"]
[PlyCount "95"]
[EventDate "1999.02.02"]

1. d4 Nf6 2. c4 g6 3. Nc3 d5 4. cxd5 Nxd5 5. e4 Nb6 6. h3 Bg7 7. Nf3 O-O 8. Be2
Nc6 9. Be3 f5 10. Qb3+ Kh8 11. d5 fxe4 12. dxc6 exf3 13. Bxf3 Rxf3 14. gxf3
bxc6 15. Qf7 Ba6 16. Rd1 Qf8 17. Qxf8+ Rxf8 18. Bc5 Bxc3+ 19. bxc3 Nd5 20. Rd4
Rb8 21. f4 Nxf4 22. Kd2 Ne6 23. Bxa7 Rb7 24. Re4 Rxa7 25. Rxe6 Bc4 26. Re5
Rxa2+ 27. Ke3 Kg8 28. Rb1 Kf7 29. Rb7 Kf6 30. Re4 Bd5 31. Rf4+ Ke5 32. Rxc7 Ra3
33. Rxe7+ Kd6 34. Rxh7 Rxc3+ 35. Kd2 Ra3 36. Rg4 Ra2+ 37. Ke3 Ra3+ 38. Kf4 Rf3+
39. Kg5 Rxf2 40. Kxg6 c5 41. Rh8 Be6 42. Rg3 c4 43. h4 Ke7 44. Rh7+ Kd6 45. Ra7
Bf5+ 46. Kg5 Be4 47. Ra5 Bf3 48. Rf5 1-0

[Event "Geller Memorial"]
[Site "Moscow"]
[Date "1999.02.09"]
[Round "8.43"]
[White "Kostenko, Petr"]
[Black "Laptev, Dmitri"]
[Result "1/2-1/2"]
[WhiteElo "2468"]
[BlackElo "2280"]
[PlyCount "118"]
[EventDate "1999.02.02"]

1. e4 Nf6 2. e5 Nd5 3. d4 d6 4. c4 Nb6 5. exd6 exd6 6. Nc3 Be7 7. Be3 O-O 8.
Qf3 c6 9. O-O-O d5 10. cxd5 Nxd5 11. Nxd5 cxd5 12. Ne2 Qa5 13. Kb1 Nd7 14. Bd2
Bb4 15. Bxb4 Qxb4 16. Nc3 Nf6 17. Nxd5 Nxd5 18. Qxd5 Bg4 19. f3 Rad8 20. Qc4
Bf5+ 21. Ka1 Qa5 22. Qc3 Qa4 23. Bc4 Rc8 24. Bb3 Qb5 25. Qd2 a5 26. g4 a4 27.
Bxa4 Qxa4 28. gxf5 Rc2 29. Qd3 Ra8 30. a3 Rac8 31. Rd2 Rxd2 32. Qxd2 Qb3 33.
Rc1 Rxc1+ 34. Qxc1 h5 35. Qf4 b5 36. f6 Qc4 37. Qe3 gxf6 38. Qc3 Qd5 39. Kb1 h4
40. Qc8+ Kg7 41. Qg4+ Kf8 42. Qe4 Qg5 43. Ka2 h3 44. Qg4 Qd5+ 45. Kb1 Qc4 46.
Qxh3 Qd3+ 47. Ka1 b4 48. Qc8+ Kg7 49. axb4 Qxf3 50. Qc2 Qd5 51. Qd2 f5 52. Qg5+
Kf8 53. Qf4 Qb3 54. Qd6+ Ke8 55. Qc6+ Kd8 56. d5 Qxb4 57. Qf6+ Ke8 58. Qe5+ Kd8
59. d6 Qa4+ 1/2-1/2

[Event "Geller Memorial"]
[Site "Moscow"]
[Date "1999.02.09"]
[Round "8.44"]
[White "Balashov, Yuri S"]
[Black "Isanbaev, Ramil"]
[Result "1/2-1/2"]
[WhiteElo "2578"]
[BlackElo "2344"]
[PlyCount "211"]
[EventDate "1999.02.02"]

1. e4 e5 2. Nf3 Nc6 3. Bb5 a6 4. Ba4 Nf6 5. O-O Be7 6. d3 d6 7. c3 O-O 8. Re1
b5 9. Bc2 Re8 10. Nbd2 Bf8 11. Nf1 g6 12. Ng3 Bg7 13. h3 d5 14. Bg5 h6 15. Bxf6
Bxf6 16. exd5 Qxd5 17. d4 Bb7 18. Be4 Qd6 19. dxe5 Bxe5 20. Nxe5 Rxe5 21. Qxd6
cxd6 22. f4 Re7 23. Bf3 Rae8 24. Rxe7 Rxe7 25. Rd1 Na5 26. Kf2 Bxf3 27. Kxf3
Nb7 28. Ne4 f5 29. Nf6+ Kf7 30. Nd5 Rd7 31. g4 Ke6 32. Nb6 Re7 33. b4 Kf7 34.
gxf5 gxf5 35. Nd5 Re8 36. a4 bxa4 37. Ra1 Rc8 38. Ke3 Re8+ 39. Kd3 Re4 40. Rxa4
a5 41. Ra3 axb4 42. Ra7 bxc3 43. Kxc3 Ke6 44. Nc7+ Kd7 45. Rxb7 Kc6 46. Nb5
Rxf4 47. Rb8 Rh4 48. Nd4+ Kd5 49. Nxf5 Rxh3+ 50. Kd2 Ke4 51. Nxd6+ Ke5 52. Rd8
h5 53. Ke2 h4 54. Nc4+ Ke4 55. Nd2+ Kf4 56. Rf8+ Kg4 57. Rg8+ Kf4 58. Nf3 Rg3
59. Rf8+ Ke4 60. Nxh4 Ra3 61. Re8+ Kd4 62. Nf3+ Kd5 63. Re5+ Kc4 64. Rh5 Rc3
65. Ne1 Kd4 66. Rh4+ Kd5 67. Nd3 Rc8 68. Nb4+ Kc5 69. Kd3 Rg8 70. Kc3 Rg3+ 71.
Nd3+ Kd5 72. Rh5+ Kd6 73. Kd4 Rg4+ 74. Ke3 Ra4 75. Nc5 Rb4 76. Ne4+ Ke6 77. Kf4
Rd4 78. Re5+ Kd7 79. Kf5 Kc6 80. Rc5+ Kb6 81. Rc1 Rd8 82. Ke5 Rh8 83. Nf6 Kb5
84. Kd4 Rh4+ 85. Kd5 Rf4 86. Nd7 Kb4 87. Ne5 Rf5 88. Ke4 Rh5 89. Nf3 Kb5 90.
Kd4 Kb6 91. Ne5 Rh4+ 92. Kd5 Rh5 93. Rb1+ Kc7 94. Rb5 Rh1 95. Rc5+ Kb7 96. Rc2
Rd1+ 97. Kc5 Rh1 98. Rg2 Rh7 99. Kd6 Rh6+ 100. Ng6 Kc8 101. Kc6 Kb8 102. Kd7
Kb7 103. Rb2+ Ka6 104. Ne7 Rb6 105. Ra2+ Kb5 106. Nc6 1/2-1/2

[Event "Geller Memorial"]
[Site "Moscow"]
[Date "1999.02.09"]
[Round "8.45"]
[White "Zaitsev, Vadim"]
[Black "Goletiani, Rusudan"]
[Result "1/2-1/2"]
[WhiteElo "2412"]
[BlackElo "2310"]
[PlyCount "121"]
[EventDate "1999.02.02"]

1. e4 c5 2. Nf3 e6 3. d3 Nc6 4. g3 g6 5. Bg2 Bg7 6. O-O Nge7 7. Re1 e5 8. Nc3
O-O 9. Nd5 d6 10. Bg5 f6 11. Be3 Nxd5 12. exd5 Ne7 13. c4 h6 14. b4 b6 15. a4
f5 16. a5 Bd7 17. axb6 axb6 18. Rxa8 Qxa8 19. Qb1 Qa6 20. h4 Kh8 21. Nh2 Ng8
22. f4 Ra8 23. Nf3 e4 24. dxe4 Qxc4 25. e5 cxb4 26. h5 Ne7 27. Nd2 Qc3 28. Nf1
b3 29. Rc1 Qb4 30. Rc7 b2 31. Rc2 Ra2 32. Bd2 Qd4+ 33. Be3 Qb4 34. Bd2 Qb3 35.
Bc3 Nxd5 36. Rxb2 Nxc3 37. Rxb3 Nxb1 38. Rxb1 dxe5 39. Bd5 Ra5 40. Bb7 gxh5 41.
Rd1 Be6 42. Rd6 Bf7 43. Ne3 exf4 44. gxf4 Ra4 45. Nxf5 Rxf4 46. Nxg7 Kxg7 47.
Rxb6 h4 48. Bg2 h5 49. Rd6 Bg6 50. Rd2 Kh6 51. Rf2 Rd4 52. Kh2 Kg5 53. Ra2 Bf5
54. Rf2 Rd3 55. Rb2 h3 56. Bh1 Bg4 57. Rf2 Kh4 58. Bc6 Rc3 59. Bd5 Rd3 60. Be4
Re3 61. Bc6 1/2-1/2

[Event "Geller Memorial"]
[Site "Moscow"]
[Date "1999.02.09"]
[Round "8.46"]
[White "Kozlov, Vladimir N"]
[Black "Matveeva, Svetlana"]
[Result "0-1"]
[WhiteElo "2327"]
[BlackElo "2405"]
[PlyCount "92"]
[EventDate "1999.02.02"]

1. e4 e6 2. d4 d5 3. Nc3 Nf6 4. e5 Nfd7 5. Nce2 c5 6. c3 cxd4 7. cxd4 f6 8. f4
Bb4+ 9. Bd2 Qb6 10. Bxb4 Qxb4+ 11. Qd2 Nc6 12. Nf3 fxe5 13. fxe5 Qxd2+ 14. Kxd2
Nb6 15. Nc3 a6 16. Bd3 Bd7 17. Raf1 O-O 18. h4 Nb4 19. Be2 Nc4+ 20. Bxc4 dxc4
21. Ng5 h6 22. Nge4 Bc6 23. a3 Nd5 24. Nxd5 Bxd5 25. Ke3 b5 26. g3 a5 27. Rf4
b4 28. Ra1 Rfb8 29. Rf2 Rb6 30. Nc5 Rbb8 31. g4 Rf8 32. Raf1 Rxf2 33. Rxf2 bxa3
34. bxa3 Rb8 35. g5 hxg5 36. hxg5 Rb1 37. a4 Rg1 38. Kf4 Kf7 39. Nd7 Rd1 40.
Kg4+ Ke7 41. Nb6 Rxd4+ 42. Kh5 Be4 43. g6 Bf5 44. Nc8+ Kd7 45. Nd6 c3 46. Nxf5
exf5 0-1

[Event "Geller Memorial"]
[Site "Moscow"]
[Date "1999.02.09"]
[Round "8.67"]
[White "Pres, Grigoriy"]
[Black "Shipunov, Vladimir"]
[Result "1/2-1/2"]
[WhiteElo "2352"]
[BlackElo "2234"]
[PlyCount "119"]
[EventDate "1999.02.02"]

1. d4 Nf6 2. c4 c5 3. d5 b5 4. cxb5 a6 5. bxa6 g6 6. Nc3 Bxa6 7. g3 d6 8. Bg2
Bg7 9. Nh3 Nbd7 10. Nf4 O-O 11. h4 h5 12. O-O Ne5 13. Qc2 Qb6 14. Rb1 Rfb8 15.
Rd1 Bc8 16. Rf1 Bf5 17. e4 Bc8 18. b3 Qa5 19. Bd2 Qa7 20. a4 Ba6 21. Rfd1 Rb7
22. Be1 Rc8 23. Kh1 Nfg4 24. Nb5 Bxb5 25. axb5 Rxb5 26. Bf1 Rbb8 27. Kg2 Ra8
28. Rdc1 Rcb8 29. Be2 Qa2 30. Rb2 Qa3 31. Bc3 Qa7 32. Qd2 Rb6 33. f3 Nf6 34.
Nd3 Nfd7 35. f4 Nxd3 36. Bxd3 Bxc3 37. Qxc3 Qa5 38. Qc2 Qb4 39. Bc4 Rb7 40. Qf2
Rba7 41. Rbc2 Nf6 42. e5 Ng4 43. Qe2 Ra1 44. exd6 exd6 45. f5 Ne5 46. fxg6 fxg6
47. Kh3 Kg7 48. Qe3 Rxc1 49. Rxc1 Ra2 50. Re1 Qb7 51. Re2 Ra1 52. Kg2 Rd1 53.
Qg5 Rxd5 54. Bxd5 Qxd5+ 55. Kf2 Qf7+ 56. Kg2 Qf3+ 57. Kg1 Qxe2 58. Qe7+ Kg8 59.
Qe8+ Kh7 60. Qe7+ 1/2-1/2

[Event "Geller Memorial"]
[Site "Moscow"]
[Date "1999.02.09"]
[Round "8.78"]
[White "Gusev, Yuri S"]
[Black "Tuturin, Sergey"]
[Result "1/2-1/2"]
[WhiteElo "2285"]
[BlackElo "2248"]
[PlyCount "61"]
[EventDate "1999.02.02"]

1. f4 d5 2. Nf3 Nf6 3. e3 e6 4. b3 c5 5. Bb2 Be7 6. Bb5+ Bd7 7. Qe2 O-O 8. Bxd7
Nbxd7 9. c4 Qc7 10. Nc3 a6 11. O-O Rac8 12. Kh1 Rfd8 13. Nd1 Qc6 14. d3 b5 15.
cxb5 axb5 16. Nf2 c4 17. dxc4 bxc4 18. Rfc1 Bb4 19. a3 Be7 20. b4 Nb6 21. Bd4
Na4 22. Qc2 Nd7 23. Rab1 Ra8 24. f5 Nab6 25. Ra1 Bf6 26. Bxf6 Nxf6 27. Nd4 Qd6
28. fxe6 fxe6 29. Nb5 Qc6 30. Nd4 Qd6 31. Nb5 1/2-1/2

[Event "Geller Memorial"]
[Site "Moscow"]
[Date "1999.02.10"]
[Round "9.1"]
[White "Kalugin, Sergei"]
[Black "Kobalija, Mihail"]
[Result "1/2-1/2"]
[WhiteElo "2497"]
[BlackElo "2537"]
[PlyCount "21"]
[EventDate "1999.02.02"]

1. e4 e6 2. d4 d5 3. exd5 exd5 4. Nf3 Nf6 5. Bd3 Bd6 6. O-O O-O 7. h3 c6 8. Re1
h6 9. Nbd2 Nbd7 10. Nf1 Re8 11. Rxe8+ 1/2-1/2

[Event "Geller Memorial"]
[Site "Moscow"]
[Date "1999.02.10"]
[Round "9.8"]
[White "Volkov, Sergey"]
[Black "Polovodin, Igor A"]
[Result "0-1"]
[WhiteElo "2587"]
[BlackElo "2468"]
[PlyCount "92"]
[EventDate "1999.02.02"]

1. d4 d5 2. c4 e6 3. Nc3 Nf6 4. Bg5 h6 5. Bxf6 gxf6 6. cxd5 exd5 7. e3 c6 8.
Qc2 Bd6 9. Bd3 Be6 10. Nge2 h5 11. Ng3 h4 12. Nf5 Bf8 13. O-O-O Nd7 14. Rhe1
Qa5 15. e4 O-O-O 16. exd5 cxd5 17. Kb1 Kb8 18. a3 Rc8 19. Rc1 Nb6 20. Re2 a6
21. g3 hxg3 22. fxg3 Rc7 23. Rf2 Bxa3 24. Qb3 Rhc8 25. Rfc2 Nc4 26. g4 Bb4 27.
h4 Bxc3 28. Qxc3 Nd2+ 29. Qxd2 Qxd2 30. Rxd2 Rxc1+ 31. Ka2 Rh1 32. h5 Rcc1 33.
Rf2 Rcd1 34. Bc2 Rdg1 35. Ne3 Rg3 36. Re2 Bxg4 37. Nxg4 Rxg4 38. Re8+ Ka7 39.
Re7 Rxd4 40. Rxf7 Rxh5 41. Rxf6 Rd2 42. Bb3 Rhh2 43. Ka3 Rxb2 44. Bxd5 Rb6 45.
Rf7 Rh5 46. Rd7 Kb8 0-1

[Event "Geller Memorial"]
[Site "Moscow"]
[Date "1999.02.10"]
[Round "9.9"]
[White "Poluljahov, Aleksandr"]
[Black "Solovjov, Sergey"]
[Result "1-0"]
[WhiteElo "2566"]
[BlackElo "2447"]
[PlyCount "81"]
[EventDate "1999.02.02"]

1. d4 Nf6 2. c4 g6 3. Nc3 Bg7 4. e4 d6 5. h3 O-O 6. Bg5 Nbd7 7. Nf3 e5 8. d5 h6
9. Be3 Nc5 10. Nd2 a5 11. a3 c6 12. Rb1 Bd7 13. Be2 a4 14. O-O Qa5 15. g4 cxd5
16. cxd5 b5 17. f3 Rab8 18. Na2 Nh7 19. Nb4 Qd8 20. Nd3 Nxd3 21. Bxd3 f5 22.
Kg2 h5 23. exf5 gxf5 24. Bxf5 Rxf5 25. gxf5 Bxf5 26. Rc1 Qh4 27. Qe1 Qxh3+ 28.
Kg1 e4 29. Rf2 Be5 30. f4 Bxb2 31. Rh2 Qxe3+ 32. Qxe3 Bxc1 33. Qc3 Rc8 34. Rg2+
Kf7 35. Qg7+ Ke8 36. Qh8+ Nf8 37. Qxh5+ Bg6 38. Rxg6 Nxg6 39. Qxg6+ Kd7 40.
Qe6+ Kc7 41. Qe7+ 1-0

[Event "Geller Memorial"]
[Site "Moscow"]
[Date "1999.02.10"]
[Round "9.14"]
[White "Daschian, Nikolai V."]
[Black "Landa, Konstantin"]
[Result "1/2-1/2"]
[WhiteElo "2435"]
[BlackElo "2542"]
[PlyCount "68"]
[EventDate "1999.02.02"]

1. d4 Nf6 2. c4 e6 3. Nc3 Bb4 4. Qc2 d5 5. a3 Bxc3+ 6. Qxc3 Ne4 7. Qc2 c5 8.
dxc5 Nc6 9. e3 Qa5+ 10. Bd2 Qxc5 11. Rc1 Nxd2 12. Qxd2 dxc4 13. Bxc4 Qg5 14. f4
Qh4+ 15. Qf2 Qxf2+ 16. Kxf2 Bd7 17. Nf3 Ke7 18. Rhd1 Rhd8 19. e4 Be8 20. Rxd8
Rxd8 21. Ke3 Rc8 22. Ba2 Bd7 23. Rc3 Nd8 24. Rxc8 Bxc8 25. e5 Bd7 26. g4 Bc6
27. Nd4 Bg2 28. h4 h6 29. g5 hxg5 30. fxg5 g6 31. Bc4 Nc6 32. Nxc6+ Bxc6 33.
Be2 b6 34. Kd4 Bd5 1/2-1/2

[Event "Geller Memorial"]
[Site "Moscow"]
[Date "1999.02.10"]
[Round "9.15"]
[White "Kulikov, Aleksandr"]
[Black "Zakharevich, Igor"]
[Result "1/2-1/2"]
[WhiteElo "2405"]
[BlackElo "2532"]
[PlyCount "33"]
[EventDate "1999.02.02"]

1. d4 Nf6 2. c4 g6 3. Nf3 Bg7 4. Nc3 O-O 5. g3 d6 6. Bg2 Nbd7 7. O-O e5 8. e4
exd4 9. Nxd4 Re8 10. Re1 c6 11. h3 Nc5 12. b3 h6 13. Bb2 a5 14. Qd2 a4 15. Rad1
Qb6 16. Nxa4 Nxa4 17. bxa4 1/2-1/2

[Event "Geller Memorial"]
[Site "Moscow"]
[Date "1999.02.10"]
[Round "9.16"]
[White "Ovetchkin, Roman"]
[Black "Nalbandian, Tigran"]
[Result "1/2-1/2"]
[WhiteElo "2511"]
[BlackElo "2439"]
[PlyCount "90"]
[EventDate "1999.02.02"]

1. d4 Nf6 2. g3 g6 3. Bg2 Bg7 4. e4 d6 5. Nc3 O-O 6. Nge2 e5 7. O-O exd4 8.
Nxd4 Nc6 9. Nde2 Re8 10. h3 Bd7 11. g4 b5 12. Ng3 b4 13. Nce2 h6 14. f4 Rb8 15.
Qd3 Na5 16. g5 Bb5 17. Qf3 Bxe2 18. Qxe2 hxg5 19. fxg5 Nd7 20. Qf2 Qe7 21. Rb1
Nc4 22. b3 Na3 23. Bxa3 bxa3 24. h4 c5 25. Ne2 Be5 26. Rbd1 Rf8 27. Qf3 Kg7 28.
Bh3 Rh8 29. Qg4 Nf8 30. Rd3 Ne6 31. Ng3 Nd4 32. c3 Bxg3 33. cxd4 Bxh4 34. dxc5
Rbd8 35. Rdf3 Rdf8 36. c6 Rh5 37. Qd7 Rxg5+ 38. Kh1 Qxe4 39. Bg2 Kh6 40. Rg3
Qd4 41. Rxg5 Bxg5 42. c7 Qh4+ 43. Bh3 Qe4+ 44. Bg2 Qh4+ 45. Bh3 Qe4+ 1/2-1/2

[Event "Geller Memorial"]
[Site "Moscow"]
[Date "1999.02.10"]
[Round "9.18"]
[White "Ivanov, Victor L"]
[Black "Prokopchuk, Evgeny"]
[Result "0-1"]
[WhiteElo "2427"]
[BlackElo "2489"]
[PlyCount "84"]
[EventDate "1999.02.02"]

1. e4 d6 2. d4 Nf6 3. Nc3 e5 4. dxe5 dxe5 5. Qxd8+ Kxd8 6. Bg5 Be6 7. O-O-O+
Nbd7 8. f4 exf4 9. Nf3 Be7 10. Bxf4 c6 11. Ng5 Bb4 12. Nxe6+ fxe6 13. Bc4 Ke7
14. e5 Bxc3 15. Rd6 Nf8 16. bxc3 Ne4 17. Rd4 Nxc3 18. Bg5+ Ke8 19. Rf1 Nd5 20.
Be2 b5 21. a4 b4 22. Ba6 Rb8 23. a5 Nd7 24. Re4 c5 25. Rh4 h6 26. Bd2 Rf8 27.
Re1 Rf5 28. Rg4 Kf8 29. Rge4 Rf2 30. R4e2 Rxe2 31. Rxe2 Ke7 32. Bd3 Rf8 33. g3
Nb8 34. Bb5 a6 35. Bc4 Nc6 36. Bxa6 Nxa5 37. Re4 Rf2 38. h4 Nc6 39. Bd3 Nd4 40.
Rg4 Kf8 41. Be1 Rh2 42. Re4 Ke7 0-1

[Event "Geller Memorial"]
[Site "Moscow"]
[Date "1999.02.10"]
[Round "9.21"]
[White "Kuporosov, Viktor"]
[Black "Moiseenko, Alexander"]
[Result "1/2-1/2"]
[WhiteElo "2485"]
[BlackElo "2419"]
[PlyCount "84"]
[EventDate "1999.02.02"]

1. e4 c5 2. Nf3 Nc6 3. d4 cxd4 4. Nxd4 e5 5. Nb5 d6 6. c4 Be7 7. N1c3 a6 8. Na3
Be6 9. Be2 Bg5 10. Nc2 Bxc1 11. Rxc1 Nf6 12. O-O O-O 13. Qd2 Qb8 14. Rfd1 Rd8
15. f3 Qa7+ 16. Kh1 Rac8 17. Nd5 Bxd5 18. cxd5 Ne7 19. Ne3 h6 20. g3 Qb8 21. a4
Nd7 22. b4 Rxc1 23. Rxc1 Rc8 24. Bf1 Rxc1 25. Qxc1 Qa7 26. Bh3 b5 27. axb5 axb5
28. Bf1 Qb6 29. Qc3 Nb8 30. Kg2 Na6 31. Nc2 Nc7 32. Na3 f5 33. Qd3 fxe4 34.
fxe4 Kh7 35. Nxb5 Nxb5 36. Qxb5 Qd4 37. Qc4 Qb2+ 38. Kg1 Ng8 39. Bh3 Qb1+ 40.
Kg2 Qb2+ 41. Kg1 Qb1+ 42. Kg2 Qb2+ 1/2-1/2